| 000 | 01236cam a2200289 a 4500 | ||
|---|---|---|---|
| 001 | 4927310 | ||
| 005 | 20050408181352.0 | ||
| 008 | 951027s1996 enka | b 001 0 eng d | ||
| 010 | _a 95047472 | ||
| 020 | _a0077078365 (pbk : alk. paper) | ||
| 040 |
_aDLC _cDLC _dDLC |
||
| 043 | _ae------ | ||
| 050 | 0 | 0 |
_aHC240 _b.B296 1996 |
| 082 | 0 | 0 |
_a337.14 _220 _bBAR |
| 100 | 1 |
_aBarrass, Robert, _d1946- _910973 |
|
| 245 | 1 | 0 |
_aEuropean Economic Integration and Sustainable Development : _bInstitutions, Issues, and Policies / _cRobert Barrass and Shobhana Madhavan. |
| 260 |
_aLondon : _bMcGraw-Hill Book Co., _cc1996. |
||
| 300 |
_axv, 315 p. : _bill. ; _c25 cm. |
||
| 504 | _aIncludes bibliographical references (p. 306-307) and index. | ||
| 610 | 2 | 0 |
_aEuropean Union. _910974 |
| 651 | 0 |
_aEuropean Union countries _xEconomic policy. _910975 |
|
| 651 | 0 |
_aEurope _xEconomic integration. _910976 |
|
| 700 | 1 |
_aMadhavan, S. _q(Shobhana) _910977 |
|
| 942 |
_2ddc _cBB |
||
| 999 |
_c13283 _d13283 |
||